000
00322nam a22001457a 4500
003
OSt
005
20160727222354.0
008
160622b xxu||||| |||| 00| 0 eng d
040
_c
Test
100
_9
478
_a
Roders, M
245
_a
Freaky Friday
260
_a
N.V Scholastic
_c
1972
300
_a
Freaky Friday
942
_2
ddc
_c
BK
999
_c
398
_d
398